书目信息 |
| 题名: |
机构与机械部件CAD
|
|
| 作者: | 戴同 主编 | |
| 分册: | ||
| 出版信息: | 武汉 华中理工大学出版社 1999.06 |
|
| 页数: | 120页 | |
| 开本: | 16开 | |
| 丛书名: | ||
| 单 册: | ||
| 中图分类: | TH126 | |
| 科图分类: | ||
| 主题词: | 机械制图:计算机制图 | |
| 电子资源: | ||
| ISBN: | 7-5609-1967-7 | |
| 000 | 00561nam0 2200193 45 | |
| 001 | 0008160978 | |
| 005 | 20000816095545.2 | |
| 010 | @a7-5609-1967-7@d9.80元 | |
| 100 | @a20000816d1999 km y0chiy0120 ea | |
| 101 | 0 | @achi |
| 105 | @a z 000yy | |
| 200 | 1 | @a机构与机械部件CAD@AJi Gou Yu Ji Xie Bu Jian CAD@f戴同主编@FDai Tong Zhu Bian |
| 210 | @a武汉@c华中理工大学出版社@d1999.06 | |
| 215 | @a120页@d16开 | |
| 606 | 0 | @a机械制图:计算机制图 |
| 690 | @aTH126@v3 | |
| 701 | 0 | @a戴同@4主编 |
| 801 | @aCN@bPftUser@c20000816 | |
| 905 | @b107185-189@dTH126@eD.306@f5 | |
| 机构与机械部件CAD/戴同主编.-武汉:华中理工大学出版社,1999.06 |
| 120页;16开 |
| ISBN 7-5609-1967-7:9.80元 |
| ● |
| 相关链接 |
|
|
|
正题名:机构与机械部件CAD
索取号:TH126/D.306
 
预约/预借
| 序号 | 登录号 | 条形码 | 馆藏地/架位号 | 状态 | 备注 |
| 1 | 107185 | 201071856 | 自科库501/501自科库 35排2列2层/ [索取号:TH126/D.306] | 在馆 | |
| 2 | 107186 | 201071865 | 自科库501/501自科库 35排2列2层/ [索取号:TH126/D.306] | 在馆 | |
| 3 | 107187 | 201071874 | 自科二线400A/400A自科库 29排2列3层/ [索取号:TH126/D.306] | 在馆 | |
| 4 | 107188 | 201071883 | 自科二线400A/400A自科库 29排2列3层/ [索取号:TH126/D.306] | 在馆 | |
| 5 | 107189 | 201071892 | 自科库501/501自科库 35排2列2层/ [索取号:TH126/D.306] | 在馆 |